Online Catalogue and eLibrary

Guptha adirajye ithihasaya (Record no. 5287)

MARC details
000 -LEADER
fixed length control field 00430nam a2200157Ia 4500
005 - DATE AND TIME OF LATEST TRANSACTION
control field 20250704021110.0
008 - FIXED-LENGTH DATA ELEMENTS--GENERAL INFORMATION
fixed length control field 240331s9999 xx 000 0 und d
020 ## - INTERNATIONAL STANDARD BOOK NUMBER
ISBN 95520105109
082 ## - DDC Classification
Item Number - Author Mark PAN
Class No. 954
100 ## - MAIN ENTRY--PERSONAL NAME
Personal name Pangakeerthi, Himi Hripitiye
245 #0 - TITLE STATEMENT
Title Guptha adirajye ithihasaya
260 ## - PUBLICATION, DISTRIBUTION, ETC.
Place of publication, distribution, etc. Colombo
Name of publisher, distributor, etc. S. Godage & Brothers
Date of publication, distribution, etc. 1994
300 ## - PHYSICAL DESCRIPTION
Extent (e.g. Volumes, Pages etc.) 620 p .,
500 ## - GENERAL NOTE
General note Translation of History of the Gupta Empire
942 ## - Koha item type (Biblio)
Koha item type Books in Stacks (Lending)
Holdings
Lost status Damaged status Collection code Home library Current library Shelving location Date acquired Full call number Accession Number Item type
    Lending WERC Library WERC Library Social Science Cupboard 03/31/2024 954 PAN 3831 Books in Stacks (Lending)

© WERC Library